Pevsner : the early life : Germany and art (Record no. 34849)
[ view plain ]
| 000 -LEADER | |
|---|---|
| fixed length control field | 00484nam a22001817a 4500 |
| 005 - DATE AND TIME OF LATEST TRANSACTION | |
| control field | 20231208092900.0 |
| 008 - FIXED-LENGTH DATA ELEMENTS--GENERAL INFORMATION | |
| fixed length control field | 231208b |||||||| |||| 00| 0 eng d |
| 020 ## - INTERNATIONAL STANDARD BOOK NUMBER | |
| ISBN | 9781441143860 |
| 082 ## - DEWEY DECIMAL CLASSIFICATION NUMBER | |
| Classification number | 720.92 |
| Item number | GAM-P |
| 100 ## - MAIN ENTRY--AUTHOR | |
| Author Name | Games stephen |
| 245 ## - TITLE STATEMENT | |
| Title | Pevsner : the early life : Germany and art |
| 260 ## - PUBLICATION, DISTRIBUTION, ETC. | |
| Place of Publication | continuum uk |
| Name of publisher, distributor, etc. | Continuum international publishing |
| Date of publication, distribution, etc. | 2010 |
| 300 ## - PHYSICAL DESCRIPTION | |
| Pages | 250 |
| 500 ## - GENERAL NOTE | |
| General note | Include index |
| 650 ## - SUBJECT ADDED ENTRY--TOPICAL TERM | |
| Subject / Department | literature |
| 700 ## - ADDED ENTRY--PERSONAL NAME | |
| Personal name | Stephen games |
| 952 ## - LOCATION AND ITEM INFORMATION (KOHA) | |
| -- | 0 |
| -- | 0 |
| Lost status | Damaged status | Collection code | Permanent Location | Current Location | Shelving Location | Date acquired | Full Call Number | Accession No./Barcode | Date last seen | item type | Koha item type |
|---|---|---|---|---|---|---|---|---|---|---|---|
| Literature/Urdu/eng/Islamic | Superior Information Resource Center (SIRC) Superior University- Central Library | Superior Information Resource Center (SIRC) Superior University- Central Library | literature | 12/08/2023 | 720.92 GAM-P 2010 | 29028 | 12/08/2023 | BOOK | BOOK |
